Human sexuality : (Record no. 22110)
[ view plain ]
| 000 -LEADER | |
|---|---|
| fixed length control field | 00843nam a2200277 i 4500 |
| 001 - CONTROL NUMBER | |
| control field | 22110 |
| 003 - CONTROL NUMBER IDENTIFIER | |
| rucl marc code | BD-RjUL |
| 005 - DATE AND TIME OF LATEST TRANSACTION | |
| control field | 20211209000752.0 |
| 008 - FIXED-LENGTH DATA ELEMENTS--GENERAL INFORMATION | |
| fixed length control field | 140306s1979 cau b 001 0 eng |
| 020 ## - INTERNATIONAL STANDARD BOOK NUMBER | |
| International Standard Book Number | 0520036549 |
| 035 ## - SYSTEM CONTROL NUMBER | |
| System control number | (BD-RjUL)22175 |
| 040 ## - CATALOGING SOURCE | |
| Original cataloging agency | DLC |
| Transcribing agency | DLC |
| Modifying agency | BD-RjUL |
| Language of cataloging | eng |
| 041 ## - LANGUAGE CODE | |
| Language code of text/sound track or separate title | eng |
| 082 00 - DEWEY DECIMAL CLASSIFICATION NUMBER | |
| Classification number | 155.3 |
| Author mark and year | HUM 1979 |
| 245 00 - TITLE STATEMENT | |
| Title | Human sexuality : |
| Remainder of title | a comparative and developmental perspective / |
| Statement of responsibility, etc. | Herant A. Katchadourian, editor. |
| 260 ## - PUBLICATION, DISTRIBUTION, ETC. (IMPRINT) | |
| Place of publication, distribution, etc. | Berkeley : |
| Name of publisher, distributor, etc. | University of California Press, |
| Date of publication, distribution, etc. | c1979. |
| 300 ## - PHYSICAL DESCRIPTION | |
| Pagination | vi, 358 p. ; |
| Size | 23 cm. |
| 504 ## - BIBLIOGRAPHY, ETC. NOTE | |
| Bibliography, etc | Includes bibliographies and index. |
| 650 #0 - SUBJECT ADDED ENTRY--TOPICAL TERM | |
| Topical term or geographic name as entry element | Sex role. |
| 9 (RLIN) | 68265 |
| Topical term or geographic name as entry element | Identity (Psychology). |
| 9 (RLIN) | 68266 |
| Topical term or geographic name as entry element | Sex (Psychology). |
| 9 (RLIN) | 150 |
| 700 1# - ADDED ENTRY--PERSONAL NAME | |
| Personal name | Katchadourian, Herant A. |
| 942 ## - ADDED ENTRY ELEMENTS (KOHA) | |
| Source of classification or shelving scheme | Dewey Decimal Classification |
| Koha item type | Books |
| Lost status | Source of classification or shelving scheme | Damaged status | Not for loan | Collection code | Permanent Location | Current Location | Shelving location | Date acquired | Source of acquisition | Cost, normal purchase price | Total Checkouts | Full call number | Date last seen | Date checked out | Copy number | Koha item type |
|---|---|---|---|---|---|---|---|---|---|---|---|---|---|---|---|---|
| Dewey Decimal Classification | Non-fiction | Central Library, University of Rajshahi | Central Library, University of Rajshahi | 11/01/1986 | Toppan & Co. | 22.00 | 1 | 155.3 HUM 1979 | 05/06/2023 | 18/05/2023 | C-3 | Books | ||||
| Dewey Decimal Classification | Added to bundle | Non-fiction | Central Library, University of Rajshahi | Central Library, University of Rajshahi | Reading Room | 11/01/1986 | Toppam & Co. | 22.00 | 155.3 HUM 1979 | 06/04/2014 | C-1 | Books | ||||
| Dewey Decimal Classification | Non-fiction | Central Library, University of Rajshahi | Central Library, University of Rajshahi | 11/01/1986 | tuppan | 22.00 | 155.3 HUM 1979 | 19/11/2016 | C-2 | Books |